000 00649nam a22001577a 4500
003 OSt
005 20150921135726.0
008 150921b xxu||||| |||| 00| 0 eng d
040 _cRUA
082 _aAGR YON 2006 B034 Or.1
100 _91011
_aYON, BONA.
245 _aStudy growth traits and yield of introduce chinese radish varaieties selling on phnom penh market សិក្សាពីលក្ខណៈលូតលាស់ និងទិ្នផលនៃពូជឆៃថាវនាំចូលលក់នៅទីផ្សារភ្នំពេញ
260 _aPhnom Penh
_bRUA
_c2006
300 _a57p.
_bill.
_c29cm.
942 _2ddc
_cAGR
999 _c970
_d970